Elements of information theory (Record no. 4144)
[ view plain ]
| 000 -LEADER | |
|---|---|
| fixed length control field | 00466 a2200157 4500 |
| 020 ## - INTERNATIONAL STANDARD BOOK NUMBER | |
| International Standard Book Number | 9812531564 |
| 040 ## - CATALOGING SOURCE | |
| Original cataloging agency | DLC |
| Language of cataloging | DLC |
| 100 ## - MAIN ENTRY--PERSONAL NAME | |
| Personal name | Thomas, Joy A. |
| 245 ## - TITLE STATEMENT | |
| Title | Elements of information theory |
| Statement of responsibility, etc. | Cover, T. M. |
| 260 ## - PUBLICATION, DISTRIBUTION, ETC. | |
| Place of publication, distribution, etc. | New York , |
| Name of publisher, distributor, etc. | Wiley |
| Date of publication, distribution, etc. | c1991. |
| 300 ## - PHYSICAL DESCRIPTION | |
| Extent | xxii, 542 p. . |
| Other physical details | ill. |
| Dimensions | 24 cm |
| 440 ## - SERIES STATEMENT/ADDED ENTRY--TITLE | |
| Title | Wiley series in telecommunications |
| 500 ## - GENERAL NOTE | |
| General note | Includes bibliographical references and index |
| 650 ## - SUBJECT ADDED ENTRY--TOPICAL TERM | |
| Topical term or geographic name entry element | Information theory. |
| 942 ## - ADDED ENTRY ELEMENTS (KOHA) | |
| Koha item type | Book |
| Call number prefix | 003.54 COV |
| Source of classification or shelving scheme | |
| Withdrawn status | Lost status | Damaged status | Not for loan | Collection code | Permanent Location | Current Location | Shelving location | Date acquired | Source of acquisition | Cost, normal purchase price | Total Checkouts | Total Renewals | Full call number | Barcode | Date last seen | Date last checked out | Price effective from | Koha item type |
|---|---|---|---|---|---|---|---|---|---|---|---|---|---|---|---|---|---|---|
| Central Library (CL) | Central Library (CL) | First Floor - Computer Science | 04/11/2007 | Allied Book Company | 453.74 | 4 | 2 | 003.54 COV | SEECS008329 | 05/30/2016 | 04/03/2016 | 01/05/2017 | Book | |||||
| Central Library (CL) | Central Library (CL) | First Floor - Computer Science | 03/15/2010 | Star Book | 8478.11 | 5 | 5 | 003.54 COV | SEECS010051 | 07/02/2021 | 05/31/2021 | 01/05/2017 | Book | |||||
| Central Library (CL) | Central Library (CL) | First Floor - Computer Science | 04/11/2007 | Allied Book Company | 453.74 | 1 | 003.54 COV | SEECS008330 | 08/24/2014 | 01/20/2014 | 01/05/2017 | Book |
